|
|
|
|
| LEADER |
00000nam a2200000 a 4500 |
| 001 |
vtls001429533 |
| 003 |
SK-MaSNL |
| 005 |
20260301202655.0 |
| 008 |
240318s2001 xo aa rb b slo |
| 015 |
|
|
|a SNBA2002/07-02370
|
| 020 |
|
|
|a 8096827251
|
| 035 |
|
|
|a SNK000384544
|
| 035 |
|
|
|a urn:nbn:sk:snk-amknzg
|
| 035 |
|
|
|a urn:nbn:sk:snk-am008dpr
|
| 035 |
|
|
|a 02A6A138-119E-4762-9B11-E4398D01C5B8
|
| 040 |
|
|
|a SNK
|b slo
|c SNK
|e AACR2
|
| 041 |
0 |
|
|a slo
|
| 044 |
|
|
|a xo
|c SK
|
| 080 |
|
|
|a 885.4-94
|2 1981
|
| 080 |
|
|
|a 323.12(=924)
|2 1981
|
| 080 |
|
|
|a 929 Klein, Arieh
|2 1981
|
| 100 |
1 |
|
|a Schuster, Rudolf,
|d 1934-
|4 aut
|9 86070
|
| 245 |
1 |
0 |
|a Muž s dvoma srdcami
|c Rudolf Schuster
|
| 260 |
|
|
|a Košice
|b PressPrint
|c 2001
|
| 300 |
|
|
|a 154 s., [122] s. čiast. fareb. fot. príl.
|b fotogr. (prevažne fareb.)
|c 23 cm
|
| 504 |
|
|
|a Bibliogr. s. 154
|
| 600 |
1 |
|
|a Klein, Arieh
|d 1927-
|x biografie
|2 SNK
|9 585059
|
| 650 |
0 |
7 |
|a holokaust
|x Židia
|x spomienky
|2 SNK
|9 585060
|
| 655 |
|
7 |
|a biografie
|2 SNK
|9 27965
|
| 919 |
|
|
|a 80-968272-5-1
|
| 958 |
|
|
|a TL
|
| 958 |
|
|
|a NB
|
| 958 |
|
|
|a BC
|
| 999 |
|
|
|c 899778
|d 901708
|
| 952 |
|
|
|t P60, <03>, [BOOK], {603}
|a SNK
|b SNK
|y PREZ
|7 0
|p 17A0334492
|o snkSC 107338
|i snkKSP 2323/2002
|0 0
|1 0
|4 0
|d 2002-02-22
|f 1
|l 0
|r 2025-09-29 00:00:00
|w 2026-02-24
|
| 952 |
|
|
|t P60, <04>, [BOOK], {604}
|a SNK
|b SNK
|y VYP
|7 0
|p 17A0334493
|o snkSC 107338 D1
|i snkKSP 2324/2002
|0 0
|1 0
|4 0
|d 2002-02-22
|l 0
|r 2005-01-02 00:00:00
|w 2026-02-24
|